书目信息 |
| 题名: |
产业视阈下的体育舞蹈发展研究
|
|
| 作者: | 崔高原, 著 | |
| 分册: | ||
| 出版信息: | 长春 东北师范大学出版社 2021.1 |
|
| 页数: | 209页 | |
| 开本: | 24cm | |
| 丛书名: | ||
| 单 册: | ||
| 中图分类: | J722.8 | |
| 科图分类: | ||
| 主题词: | 体育舞蹈--发展--研究--中国 | |
| 电子资源: | ||
| ISBN: | 978-7-5681-3320-3 | |
| 000 | 01003nam0 2200265 45 | |
| 001 | 489863 | |
| 005 | 20140818184013.0 | |
| 010 | @a978-7-5681-3320-3@dCNY48.00 | |
| 099 | @aCAL 012018032509 | |
| 100 | @a20180323d2017 em y0chiy0110 ea | |
| 101 | 0 | @achi |
| 102 | @aCN@b220000 | |
| 105 | @ay a 000yy | |
| 106 | @ar | |
| 200 | 1 | @a产业视阈下的体育舞蹈发展研究@Achan ye shi yu xia de ti yu wu dao fa zhan yan jiu@f崔高原著 |
| 210 | @a长春@c东北师范大学出版社@d2021.1 | |
| 215 | @a209页@d24cm | |
| 300 | @a湖北高校省级教学研究项目等 | |
| 320 | @a有书目 (第208-209页) | |
| 330 | @a本书从体育产业的视角出发,对我国体育舞蹈的发展现状进行分析与研究,找出其存在问题,同时借鉴西方发达国家体育舞蹈产业发展的经验,希望对我国体育舞蹈的发展提供有益的参考,并为我国积极推动体育舞蹈产业化进程提供理论依据和路径选择。 | |
| 606 | 0 | @a体育舞蹈@x发展@x研究@y中国 |
| 690 | @aJ722.8@v5 | |
| 701 | 0 | @a崔高原,@Acui gao yuan@f1976-@4著 |
| 801 | @aCN@b江苏凤凰@c20211018 | |
| 905 | @b1356675-7@dJ722.8@e321@f3 | |
| 产业视阈下的体育舞蹈发展研究/崔高原著.-长春:东北师范大学出版社,2021.1 |
| 209页;24cm |
| 湖北高校省级教学研究项目等 |
| ISBN 978-7-5681-3320-3:CNY48.00 |
| 本书从体育产业的视角出发,对我国体育舞蹈的发展现状进行分析与研究,找出其存在问题,同时借鉴西方发达国家体育舞蹈产业发展的经验,希望对我国体育舞蹈的发展提供有益的参考,并为我国积极推动体育舞蹈产业化进程提供理论依据和路径选择。 |
| ● |
| 相关链接 |
|
|
|
|
正题名:产业视阈下的体育舞蹈发展研究
索取号:J722.8/321
 
预约/预借
| 序号 | 登录号 | 条形码 | 馆藏地/架位号 | 状态 | 备注 |
| 1 | 1356675 | 213566755 | 第一样本阅览室/ [索取号:J722.8/321] | 在馆 | |
| 2 | 1356676 | 213566764 | 第一借阅区/ [索取号:J722.8/321] | 在馆 | |
| 3 | 1356677 | 213566773 | 第一借阅区/ [索取号:J722.8/321] | 在馆 |